000 00802nam a22002777a 4500
001 BR7604257
003 BR-BrBNA
005 20230928085057.0
007 ta
008 230509b bl.||||| |||| 00| 0 por d
040 _aBR-BrBNA
_bpor
_cBiblioteca Nacional de Agricultura
041 _a(Por)
072 _aP20
_b/G514
090 _ P20 BR7604257
110 1 _aInstituto Brasileiro de Desenvolvimento Florestal, Brasilia, DF
_95726
245 1 _aParques nacionais e reservas equivalentes [fauna, flora, Brasil]
260 3 _aBrasilia, DF (Brasil):
_c[nd].
300 _a35 p.
500 _a22 illus.; 7 ref.; Published after 1975
650 _aRECURSO DA TERRA
650 _aFAUNA
650 _aPARQUE NACIONAL
650 _aFLORA
909 _a202309
_bLucia
_c55
_dLucia Elande
942 _cBK
999 _c22682
_d22682